| 000 | 00848nam a2200217 a 4500 | ||
|---|---|---|---|
| 008 | 081202s2007 ||||||||||||||||| || u | ||
| 020 | _a9781858646243 | ||
| 050 | _aZ 711.47 Goo | ||
| 100 | _aBrown, Cheryl | ||
| 245 | 1 | 2 |
_aA good place to start: the IDS knowledge services guide to finding development information online _cHurst, Gabrielle; Brown, Cheryl (eds.) |
| 260 |
_aBrighton, UK: _bIDS _c2007 |
||
| 300 | _a84p.: ill. | ||
| 350 | _a0.00 | ||
| 490 | _aIDS knowledge services | ||
| 650 | _aELECTRONIC REFERENCE SERVICES | ||
| 650 | _aDEVELOPMENT INFORMATION--ONLINE SERVICES | ||
| 650 | _aSCHOLARLY WED SITES | ||
| 650 | 0 | _aAFRICA--ECONOMIC CONDITIONS | |
| 700 | _aHurst, Gabrielle | ||
| 995 |
_D0.00 _FCBU-MAIN LIBRARY (Kitwe) _H1 _I0.00 _M1 _UREFERENCE _WMar 24, 2009 _ZReference Collection |
||
| 999 |
_c44790 _d44790 |
||